| 000 | 01491nam0a2200325 4500 | ||
|---|---|---|---|
| 001 | RU\NLR\BIBL_A\022552709 | ||
| 005 | 20260420045057.0 | ||
| 010 |
_a978-5-04-204984-2 _94000 |
||
| 021 |
_aRU _bКН-П-25-019579 _9КН-П-25-1978 |
||
| 035 | _a(NLR Aleph) 022552709 | ||
| 090 |
_a13673657 _c13673657 |
||
| 100 | _a20250528d2025 m y0rusy50 ca | ||
| 101 | 1 |
_arus _cjpn |
|
| 102 | _aRU | ||
| 105 | _aa z 000ay | ||
| 181 | 0 |
_ai _bxxxe |
|
| 182 | 0 | _an | |
| 200 | 1 |
_aДети из камеры хранения _eроман _fРю Мураками _gперевод с японского Александра Кабанова и Екатерины Трусовой |
|
| 203 |
_aТекст _bвизуальный _cнепосредственный |
||
| 210 |
_aМосква _cЭксмо _d2025 |
||
| 215 |
_a573, [1] с. _cил. _d19 |
||
| 225 | 1 |
_aМаскот _eпутешествие в Азию с белым котом |
|
| 333 | _a18+ | ||
| 686 | 1 | _aШ6(5Я)67-440.4{Лх2318} | |
| 700 | 1 |
_7ca _8rus _aМураками _bР. _f1952- _gРю _9123605 _3RU\NLR\AUTH\7713926 |
|
| 702 | 1 |
_4730 _aКабанов _bА. М. _cканд. филол. наук _f1952-2011 _gАлександр Михайлович _9136217 _3RU\NLR\AUTH\770136252 |
|
| 942 | _cBOOK | ||
| 980 | _aNB | ||